Представление документа в формате RUSMARC

ПолеНазваниеЗначение
  Тип записи a
  Библиографический уровень m
001 Контрольный номер RU/IS/BASE/439036956
005 Дата корректировки 20240209174509.7
010 Индекс ISBN __
a ISBN 978-5-7793-2314-7
d Цена 65 р. 00 к.
9 Тираж 7 000 экз.
100 Данные общей обработки __
a Данные общей обработки 20131129d2013 ||| 0rusy0189 ca
101 Язык документа 0_
a Язык текста rus
102 Страна публикации __
a Страна публикации RU
105 Кодированные данные (монография) __
a Кодированные данные (монография) y###||||000|y
200 Заглавие и сведения об ответственности 1_
a Заглавие Знаменитые города России
b Общее обозначение материала Текст
210 Выходные данные 1_
a Место издания Москва
c Издательство Белый город
d Дата издания [2013?]
215 Физическое описание __
a Объем 15 с.
c Иллюстрации/тип воспроизводства ил.
d Формат 28 см.
300 Общие примечания __
a Общие примечания Ограничения по возрасту - 12+
300 Общие примечания __
a Общие примечания На обл. авт. не указаны
606 Тематические рубрики 0_
a Основная рубрика Города России - История
y Географическая подрубрика Великий Новгород
y Географическая подрубрика Владимир, город
y Географическая подрубрика Нижний Новгород, город
y Географическая подрубрика Псков, город
y Географическая подрубрика Смоленск, город
610 Ключевые слова 0_
a Ключевые слова истории
a Ключевые слова достопримечательности
a Ключевые слова храмы
a Ключевые слова музеи
a Ключевые слова соборы
a Ключевые слова церкви
a Ключевые слова иконы
686 Индексы других классификаций __
a Классификационный индекс 63.3(2Рос-2)
2 Код системы ББК
701 Альтернативная интеллектуальная ответственность _0
a Фамилия Маневич
b Имя (инициалы) И. А.
701 Альтернативная интеллектуальная ответственность _0
a Фамилия Шахов
b Имя (инициалы) М. А.
801 Источник записи _0
a Страна RU
b Организация МБУК ЦБС г. Ульяновска
c Дата составления 20131129
g Правила каталогизации RCR
801 Источник записи _1
a Страна RU
b Организация МБУК ЦБС г. Ульяновска
c Дата составления 20131129
g Правила каталогизации RCR
899 Данные о местонахождении __
i Авторский знак З-72
j Расстановочный фильтр 63.3(2...)
901 Тип документа __
t Тип документа m
910 Корректоры записи __
a Корректор записи Хисамова